Central Library OPAC University of Rajshahi

The history of Mohamedan power in India durng the 18th century = (Record no. 25960)

MARC details
000 -LEADER
fixed length control field 01065nam a2200289 a 4500
001 - CONTROL NUMBER
control field 25960
003 - CONTROL NUMBER IDENTIFIER
rucl marc code BD-RjUL
005 - DATE AND TIME OF LATEST TRANSACTION
control field 20211209050942.0
008 - FIXED-LENGTH DATA ELEMENTS--GENERAL INFORMATION
fixed length control field 170208r19731924ii 000 0 eng d
035 ## - SYSTEM CONTROL NUMBER
System control number (BD-RjUL)26030
040 ## - CATALOGING SOURCE
Original cataloging agency FDA
Transcribing agency FDA
Modifying agency OCLCQ
-- UkOxU
-- BD-RjUL
Language of cataloging eng
041 ## - LANGUAGE CODE
Language code of text/sound track or separate title eng
082 #4 - DEWEY DECIMAL CLASSIFICATION NUMBER
Classification number 954.029
Edition number 23
Author mark and year KHH 1973
100 1# - MAIN ENTRY--PERSONAL NAME
Personal name Khan, Gholam Hussein
Dates associated with a name 1727 or 1728-
9 (RLIN) 190206
245 14 - TITLE STATEMENT
Title The history of Mohamedan power in India durng the 18th century =
Remainder of title Mir Gholam Hussein Khan's The siyar-ul-mutakherin /
Statement of responsibility, etc. Gholam Hussein Khan ; English translation by Johns Briggs
250 ## - EDITION STATEMENT
Edition statement 2nd ed.
260 ## - PUBLICATION, DISTRIBUTION, ETC. (IMPRINT)
Place of publication, distribution, etc. Delhi :
Name of publisher, distributor, etc. Idarah-I Adabiyat-I Delli,
Date of publication, distribution, etc. 1924 [Reprint 1973]
300 ## - PHYSICAL DESCRIPTION
Pagination ix, 310 p. ;
Size 19 cm.
490 ## - SERIES STATEMENT
Series statement IAD oriental series ;
Volume/sequential designation 15
650 ## - SUBJECT ADDED ENTRY--TOPICAL TERM
Topical term or geographic name as entry element Mogul Empire
9 (RLIN) 190207
651 #0 - SUBJECT ADDED ENTRY--GEOGRAPHIC NAME
Geographic name India
General subdivision Mogul Empire
9 (RLIN) 190147
Geographic name India
General subdivision History
Chronological subdivision British occupation, 1765-1947.
9 (RLIN) 171367
Geographic name India
General subdivision History
Chronological subdivision 18th century.
9 (RLIN) 190200
700 ## - ADDED ENTRY--PERSONAL NAME
Personal name Briggs, Johns
830 #0 - SERIES ADDED ENTRY--UNIFORM TITLE
Uniform title IAD oriental series ;
Volume number/sequential designation 15
942 ## - ADDED ENTRY ELEMENTS (KOHA)
Source of classification or shelving scheme Dewey Decimal Classification
Koha item type Books
Holdings
Lost status Source of classification or shelving scheme Damaged status Not for loan Collection code Permanent Location Current Location Shelving location Date acquired Source of acquisition Total Checkouts Full call number Date last seen Copy number Koha item type
  Dewey Decimal Classification   Not For Loan Non-fiction Central Library, University of Rajshahi Central Library, University of Rajshahi Reading Room 25/06/1974 Indian Govt.   954.029 KHH 1973 08/02/2017 C-1 Books